Which Country is Bigger? - Statistics

General Stats
  • This quiz has been taken 140 times
  • The average score is 9 of 15
Answer Stats
Question Answer % Correct
Which is bigger Slovakia or Slovenia? Slovakia
78%
Which is bigger France or Germany? France
76%
Which is bigger Belarus or Romania? Romania
73%
Which is bigger Sweden or Finland? Sweden
71%
Which is bigger USA or China? Usa
64%
Which is bigger Greece or North Korea? Greece
62%
Which is bigger UK or New Zealand? New Zealand
62%
Which is bigger Poland or Norway? Norway
60%
Which is bigger Australia or Brazil? Brazil
58%
Which is bigger Spain or Chile? Chile
58%
Which is bigger Portugal or Hungary? Hungary
58%
Which is bigger Cyprus or Lebanon? Lebanon
51%
Which is bigger Belgium or Moldova? Moldova
51%
Which is bigger Bahamas or Fiji? Fiji
44%
Which is bigger Armenia or Albania? Armenia
38%
No matching quizzes found
Score Distribution
Percent of People with Each Score
Percentile by Number Answered
Your Score History
You have not taken this quiz